| 000 | 03205nam a22005897a 4500 | ||
|---|---|---|---|
| 003 | CHAP | ||
| 005 | 20220817044419.0 | ||
| 008 | 110118s2010 mx a r 00010 spa d | ||
| 010 | _a100267 | ||
| 011 | _a101239 | ||
| 020 | _a9786074621112 | ||
| 035 | _a111926 | ||
| 040 | _cCHAP | ||
| 082 | 0 | 4 |
_a320.972 _bG76 |
| 245 | 0 | 4 |
_aLos grandes problemas de México _c/coordinado por Manuel Ordorica y Jean-Francois Prud'homme |
| 260 |
_aMéxico, D.F. : _bColegio de México, _c2010 |
||
| 300 |
_a16 v. : _bilus., cuadros, gráfs. |
||
| 505 | 0 | _av.1 Población. -- v.2 Desarrollo urbano y regional. -- v.3 Migraciones internacionales. -- v.4 Medio ambiente. -- v.5 Desigualdad social. -- v.6 Movimientos sociales. -- v.7 Educación. -- v.8 Relaciones de género. -- v.9 Crecimiento económico y equidad. -- v.10 Microeconomía. -- v.11 Economía rural. -- v.12 Relaciones internacionales. -- v.13 Políticas públicas. -- v.14 Instituciones y procesos políticos. -- v.15 Seguridad nacional y seguridad interior. -- v.16 Culturas e identidades. | |
| 590 |
_aBATCH-UPD _b10 _c20130110 _lUCH01 _h1133 |
||
| 590 |
_aBATCH-UPD _b10 _c20130410 _lUCH01 _h0721 |
||
| 590 |
_aBATCH-UPD _b10 _c20130914 _lUCH01 _h0301 |
||
| 590 |
_aBATCH-UPD _b10 _c20161124 _lUCH01 _h1713 |
||
| 590 |
_aCONVERSION _b10 _c20130109 _lUCH01 _h1355 |
||
| 650 | 1 | 4 |
_aAdministración pública _zMéxico. _9944 |
| 650 | 1 | 4 |
_aMéxico _xCondiciones económicas. |
| 650 | 1 | 4 |
_aMéxico _xCondiciones sociales. _976730 |
| 650 | 1 | 4 |
_aPoblación _xMéxico. _989408 |
| 650 | 1 | 4 |
_aSalud pública _zMéxico. _9101844 |
| 650 | 1 | 4 |
_aSeguridad social _zMéxico. _9103687 |
| 651 | 4 |
_aMéxico _xPolítica y gobierno. _976783 |
|
| 700 | 1 |
_aFrancois Prud'homme, Jean _e, coord. _943003 |
|
| 700 | 1 |
_aOrdorica, Manuel _e, coord. _983458 |
|
| 901 | _aBK | ||
| 911 | _aen proceso | ||
| 942 | _cLIBRO | ||
| 949 |
_a320.972 G76 _bBC _cLIBRO _d33724002228827 _eLIBRO _fv.13 _h14053 _i111926 _sb |
||
| 949 |
_a320.972 G76 _bBC _cLIBRO _d33724002228868 _eLIBRO _fv.14 _h14054 _i111926 _sb |
||
| 949 |
_a320.972 G76 _bBC _cLIBRO _d33724002228900 _eLIBRO _fv.15 _h14055 _i111926 _sb |
||
| 949 |
_a320.972 G76 _bBC _cLIBRO _d33724002228941 _eLIBRO _fv.16 _h14056 _i111926 _sb |
||
| 949 |
_a320.972 G76 _bBC _cLIBRO _d33724002229157 _eLIBRO _fv.1 _h14041 _i111926 _si |
||
| 949 |
_a320.972 G76 _bBC _cLIBRO _d33724002229199 _eLIBRO _fv.2 _h14042 _i111926 _si |
||
| 949 |
_a320.972 G76 _bBC _cLIBRO _d33724002229231 _eLIBRO _fv.3 _h14043 _i111926 _sb |
||
| 949 |
_a320.972 G76 _bBC _cLIBRO _d33724002229272 _eLIBRO _fv.4 _h14044 _i111926 _si |
||
| 949 |
_a320.972 G76 _bBC _cLIBRO _d33724002229314 _eLIBRO _fv.5 _h14045 _i111926 _sb |
||
| 949 |
_a320.972 G76 _bBC _cLIBRO _d33724002229355 _eLIBRO _fv.6 _h14046 _i111926 _si |
||
| 949 |
_a320.972 G76 _bBC _cLIBRO _d33724002229397 _eLIBRO _fv.7 _h14047 _i111926 _sb |
||
| 949 |
_a320.972 G76 _bBC _cLIBRO _d33724002229439 _eLIBRO _fv.8 _h14048 _i111926 _sb |
||
| 949 |
_a320.972 G76 _bBC _cLIBRO _d33724002229470 _eLIBRO _fv.9 _h14049 _i111926 _si |
||
| 949 |
_a320.972 G76 _bBC _cLIBRO _d33724002229512 _eLIBRO _fv.10 _h14050 _i111926 _sb |
||
| 949 |
_a320.972 G76 _bBC _cLIBRO _d33724002229553 _eLIBRO _fv.11 _h14051 _i111926 _si |
||
| 949 |
_a320.972 G76 _bBC _cLIBRO _d33724002229595 _eLIBRO _fv.12 _h14052 _i111926 _si |
||
| 999 |
_c100267 _d100267 |
||